000 00237nam a2200097Ia 4500
005 20251222114351.0
008 251222s1900||||xx |||||||||||||| ||spa||
082 _aDVD0090/G36A/2000
245 0 _aEn los dominios de la Anaconda:
942 _cDVD
999 _c1253
_d1253